|
|
|
|
| LEADER |
00655cam a2200205 a 4500 |
| 001 |
0000071062 |
| 005 |
20050715090000.0 |
| 040 |
|
|
|a mod
|
| 041 |
|
|
|a eng
|
| 020 |
0 |
0 |
|a 1576751325
|
| 090 |
0 |
0 |
|a 158.1
|b MAN
|e 2002
|
| 100 |
1 |
0 |
|a Manz
|h Charles C
|
| 245 |
1 |
4 |
|a The power of failure
|b 27 ways to turn life's setbacks into success
|c Charles C. Manz.
|
| 260 |
0 |
0 |
|a San Francisco
|b Berrett-Koehler
|c 2002.
|
| 300 |
0 |
0 |
|a xiii, 148 p.
|c 22 cm.
|
| 500 |
0 |
0 |
|a Includes bibliographical references (p. 137-139) and index.
|
| 650 |
0 |
0 |
|a Success
|
| 650 |
0 |
0 |
|a Failure (Psychology)
|
| 852 |
0 |
0 |
|a 01
|
| 999 |
|
|
|a 0223137
|b KEMENTAH
|d BOOKS
|e Umum
|f Perpustakaan KEMENTAH
|j AVAILABLE
|q GOOD CONDITION
|